Trilogía de hispanidad : una idea, un símbolo, un héroe /

Tres ensayos escritos por sendos jesuitas en torno a la identidad en Latinoamérica española, la primera es una conferencia de Adalberto González Morfín sobre la idea de la hispanidad; la segunda, de José A. Llaguno, aborda a El Quijote de Cervantes como prototipo o símbolo de la hispanidad; y el ult...

Celý popis

Uloženo v:
Podrobná bibliografie
Hlavní autor: González Morfín, Adalberto (autor)
Další autoři: Llaguno, José A. (autor) (autor), Scheifler Amézaga, Xavier (autor) (autor)
Médium: Kniha
Jazyk:španělština
Vydáno: México : Jus, 1948, c1948
Témata:
Tagy: Přidat tag
Žádné tagy, Buďte první, kdo vytvoří štítek k tomuto záznamu!

MARC

LEADER 00000nam^a2200000^a^4500
001 000136334
005 20250521000000.0
009 20260310095315.647
037 |a Acervo ITESO - Biblioteca 
041 |a ESP 
082 |a 306. 40980  |b GON 
100 |a González Morfín, Adalberto  |e (autor) 
245 1 0 |a Trilogía de hispanidad :  |b una idea, un símbolo, un héroe /  |c A. González Morfín, J.A. Llaguno, F.X. Scheifer. 
264 4 |a México :  |b Jus,  |c 1948, c1948 
300 |a 213 p. 
336 |a texto  |b txt  |2 rdacontenido 
337 |a sin mediación  |b n  |2 rdamedio 
338 |a volumen  |b nc  |2 rdasoporte 
520 |a Tres ensayos escritos por sendos jesuitas en torno a la identidad en Latinoamérica española, la primera es una conferencia de Adalberto González Morfín sobre la idea de la hispanidad; la segunda, de José A. Llaguno, aborda a El Quijote de Cervantes como prototipo o símbolo de la hispanidad; y el ultimo de Xavier Scheifler versa sobre Hernán Cortes como parte de la historia de la conquista con la que comienza la relación de América con España, es decir es una síntesis histórica de la conquista. 
649 |a XX 
650 |a Conquistadores Españoles 
650 |a Exploradores y Viajeros Españoles 
650 |a Escritores Españoles 
650 |a Identidad Cultural -  |z Latinoamérica -  |x Tema Principal 
650 |a Identidad Cultural -  |z España -  |x Tema Principal 
650 |a Literatura Española -  |y Epoca Clásica, 1500-1700 
650 |a Literatura Española -  |x Historia y Crítica 
650 |a México -  |x Historia -  |y Descubrimiento y Conquista, 1517-1521 -  |x Tema Principal 
650 |a México -  |x Historia -  |y Epoca Colonial, 1517-1821 
650 |a América -  |x Historia -  |y Epoca Colonial 
650 |a Latinoamérica -  |x Historia 
650 |a Ensayos Mexicanos 
650 |a Literatura Mexicana -  |y Siglo XX 
650 |a Cortés, Hernán 
650 |a Cervantes Saavedra, Miguel de 
740 3 |a Una idea de la hispanidad /  |c A. González Morfín. 
740 2 |a Un símbolo de la hispanidad /  |c J.A. Llaguno. 
740 0 |a Hernán Cortes :  |b un héroe de la hispanidad /  |c F.X. Scheifer. 
700 |a Llaguno, José A.  |e (autor) 
700 |a Scheifler Amézaga, Xavier  |e (autor) 
910 |a Fondo Salvador Reynoso Reynoso 
920 |a Impresos - Libros 
930 |a Fondos Especiales 
905 |a 112 
901 |a 0800013900  |b IT2  |c ESP  |u 20250521 
902 |a https://opac.biblio.iteso.mx/vufind/Record/000136334